000 00492nam a2200181Ia 4500
005 20250326141641.0
008 250326s9999 xx 000 0 und d
037 _aTextbook
040 _aFMSL
_beng
_cFMSL
041 _aeng
_2eng
084 _qFMSL
100 _aSharma Mohan Kumar
_9744831
245 0 _aBusiness environment in India
_cSharma Mohan Kumar
260 _aNew Delhi
_bNew Delhi, Common wealth Pub.
_c1989
300 _a268p
942 _cTB
999 _c1291314
_d1291314